[Event "Klatovy op-B 24th"]
[Site "Klatovy"]
[Date "2018.06.30"]
[Round "1"]
[White "Devera, Filip"]
[Black "Sova, Zdenek"]
[Result "0-1"]
[WhiteElo "1209"]
[BlackElo "1682"]
[PlyCount "74"]
[EventDate "2018.06.30"]
[EventType "swiss"]
[EventRounds "9"]
[EventCountry "CZE"]
[SourceTitle "CBM 185 Extra"]
[Source "ChessBase"]
[SourceDate "2018.07.29"]
[SourceVersion "1"]
[SourceVersionDate "2018.07.29"]
[SourceQuality "1"]

1. e4 c5 2. Nc3 e6 3. g3 b6 4. Bg2 Bb7 5. f4 Nf6 6. d3 d6 7. Nf3 g6 8. 0-0 Bg7 9. Be3 0-0 10. h3 Nc6 11. g4 Qd7 12. Nh4 Rac8 13. f5 Ne5 14. fxg6 fxg6 15. Nf3 Nxf3+ 16. Rxf3 Rf7 17. Qd2 Rcf8 18. Raf1 a6 19. Qf2 Ne8 20. h4 Rxf3 21. Bxf3 d5 22. exd5 exd5 23. Nxd5 Bxd5 24. Bxd5+ Qxd5 25. Qe2 Rxf1+ 26. Kxf1 Qh1+ 27. Bg1 Qh3+ 28. Ke1 Qxh4+ 29. Kd1 Qd8 30. Qe6+ Kf8 31. Bh2 Bxb2 32. Bf4 Bg7 33. Bg3 c4 34. Kd2 c3+ 35. Kd1 Qf6 36. Qd7 Qf1+ 37. Be1 Qf3+ 0-1

[Event "Klatovy op-B 23rd"]
[Site "Klatovy"]
[Date "2017.07.04"]
[Round "4"]
[White "Devera, Filip"]
[Black "Skalicky, Jindrich"]
[Result "1/2-1/2"]
[WhiteElo "1000"]
[BlackElo "1274"]
[PlyCount "42"]
[EventDate "2017.07.01"]
[EventType "swiss"]
[EventRounds "9"]
[EventCountry "CZE"]
[SourceTitle "EXT 2018"]
[Source "ChessBase"]
[SourceDate "2017.10.13"]
[SourceVersion "1"]
[SourceVersionDate "2017.10.13"]
[SourceQuality "1"]

1. e4 c5 2. Nc3 e6 3. g3 Nc6 4. Bg2 Qc7 5. f4 d6 6. Nf3 Bd7 7. 0-0 0-0-0 8. d3 Be7 9. Be3 h5 10. Ng5 Bxg5 11. fxg5 f6 12. h4 Rf8 13. Bf3 Be8 14. Ne2 Qb6 15. b3 Nd4 16. Nxd4 cxd4 17. Bd2 Ne7 18. Rc1 Kb8 19. c3 dxc3+ 20. Kh2 cxd2 21. Qxd2 Bg6 1/2-1/2